De costureras y jefas de hogar/ (Record no. 109442)

MARC details
000 -LEADER
campo de control de longitud fija 02764nab a2200397 i 4500
001 - NÚMERO DE CONTROL
campo de control MOR01000109770
003 - IDENTIFICADOR DE NÚMERO DE CONTROL
campo de control $$amxcmmo
005 - FECHA Y HORA DE LA ÚLTIMA TRANSACCIÓN
campo de control 20260331231144.0
008 - DATOS DE LONGITUD FIJA--INFORMACIÓN GENERAL
campo de control de longitud fija 200130s2020 cmm r1 0 0spa d
035 ## - NÚMERO DE CONTROL DEL SISTEMA
Número de control de sistema 210101
040 ## - FUENTE DE CATALOGACIÓN
Centro catalogador/agencia de origen mxcmmo
Lengua de catalogación spa
Normas de descripción rda
Centro/agencia transcriptor mxcmmo
041 0# - CÓDIGO DE IDIOMA
Código de lengua del texto/banda sonora o título independiente spa
043 ## - CÓDIGO DE ÁREA GEOGRÁFICA
Código de área geográfica n-mx-df
045 ## - PERIODO DE TIEMPO DEL CONTENIDO
Código de periodo de tiempo x2x2
082 04 - NÚMERO DE LA CLASIFICACIÓN DECIMAL DEWEY
Número de clasificación 972.032
Número de ítem BIC.e.49
100 1# - ENTRADA PRINCIPAL--NOMBRE DE PERSONA
Nombre de persona Avila Campos, Fernando Vialli
Término indicativo de función/relación autor
9 (RLIN) 197590
245 13 - MENCIÓN DEL TÍTULO
Título De costureras y jefas de hogar/
Mención de responsabilidad, etc. Fernando Vialli Ávila Campos.-- página 22-29.
336 ## - TIPO DE CONTENIDO
Término de tipo de contenido texto
Código de tipo de contenido txt
Fuente rdacontent
337 ## - TIPO DE MEDIO
Nombre/término del tipo de medio sin medio
Código del tipo de medio n
Fuente rdamedia
338 ## - TIPO DE SOPORTE
Nombre/término del tipo de soporte volumen
Código del tipo de soporte nc
Fuente rdacarrier
500 ## - NOTA GENERAL
Nota general En: Bicentenario : el ayer y hoy de México. -- Vol. 13, no. 49 (julio-septiembre 2020)
504 ## - NOTA DE BIBLIOGRAFÍA, ETC.
Nota de bibliografía, etc. Nota Incluye referencias bibliográficas (página 29)
520 3# - RESUMEN, ETC.
Sumario, etc. "Los talleres domésticos femeninos dedicados a la producción de ropa para tiendas departamentales de la ciudad de México, mostraban en 1921 un fenómeno laboral oculto para la mayoría de los capitalinos: destacaban por una paga baja y extensas horas de trabajo, asociado a las múltiples actividades hogareñas."Ávila revela, a través del testimonio de algunas de las 58 costureras de la ciudad de México, entrevistadas por el Departamento del Trabajo en 1921, cómo estas mujeres eran un pilar económico y moral para sus familias sin importar su estado civil. Subraya que, su aportación a la industria del vestido fue siempre anónima y desvalorizada. Ya fuera desde sus hogares, desde los talleres domésticos o desde las tiendas departamentales, ellas vistieron a todos en la capital, confeccionando prendas completas o remendando aquellas muy preciadas y necesarias para sus vecinos que no podían comprar en esos prestigiados almacenes, al igual que ellas. Presenta la visión que tenían sobre sí mismas con respecto a sus condiciones laborales alrededor del noble oficio de la confección. El autor rescata del anonimato a cinco de ellas: María Becerril, Isabel Juárez, Francisca Rodríguez, Juana Ávalos, Isabel Gómez de Cardoso mínima muestra de la historia de un submundo laboral femenino.
650 #7 - PUNTO DE ACCESO ADICIONAL DE MATERIA--TÉRMINO DE MATERIA
Término de materia o nombre geográfico como elemento de entrada Industria textil
Subdivisión geográfica Ciudad de México
Subdivisión general Aspectos laborales
-- Historia
9 (RLIN) 197591
650 #7 - PUNTO DE ACCESO ADICIONAL DE MATERIA--TÉRMINO DE MATERIA
Término de materia o nombre geográfico como elemento de entrada Mujeres
Subdivisión general Empleo
Subdivisión geográfica Ciudad de México
9 (RLIN) 197592
650 #7 - PUNTO DE ACCESO ADICIONAL DE MATERIA--TÉRMINO DE MATERIA
Término de materia o nombre geográfico como elemento de entrada Mujeres
Subdivisión geográfica Ciudad de México
Subdivisión general Condiciones sociales
9 (RLIN) 197593
650 #7 - PUNTO DE ACCESO ADICIONAL DE MATERIA--TÉRMINO DE MATERIA
Término de materia o nombre geográfico como elemento de entrada Vestido, Trabajadores del
Subdivisión geográfica Ciudad de México
Subdivisión general Historia
9 (RLIN) 197594
900 ## - ELEMENTOS DE DATOS A LOCAL, LDA (RLIN)
Nombre de persona BERENICE
Numeración 40
Títulos y otros términos asociados al nombre 20220824
Lenguaje de la obra MOR01
-- 0920
900 ## - ELEMENTOS DE DATOS A LOCAL, LDA (RLIN)
Nombre de persona CATY
Numeración 30
Títulos y otros términos asociados al nombre 20211007
Lenguaje de la obra MOR01
-- 0949
900 ## - ELEMENTOS DE DATOS A LOCAL, LDA (RLIN)
Nombre de persona MARC21
Numeración 40
Títulos y otros términos asociados al nombre 20221012
Lenguaje de la obra MOR01
-- 1252
900 ## - ELEMENTOS DE DATOS A LOCAL, LDA (RLIN)
Nombre de persona VOBO
Numeración 40
Títulos y otros términos asociados al nombre 20240402
Lenguaje de la obra MOR01
-- 1206
900 ## - ELEMENTOS DE DATOS A LOCAL, LDA (RLIN)
Nombre de persona VOBO
Numeración 40
Títulos y otros términos asociados al nombre 20240402
Lenguaje de la obra MOR01
-- 1239
900 ## - ELEMENTOS DE DATOS A LOCAL, LDA (RLIN)
Nombre de persona VOBO
Numeración 40
Títulos y otros términos asociados al nombre 20240402
Lenguaje de la obra MOR01
-- 1241
904 ## - ELEMENTOS DE DATOS D LOCAL, LDD (RLIN)
a UPDATE
942 ## - ELEMENTOS DE ENTRADA SECUNDARIOS (KOHA)
Código de la institución [OBSOLETO] SE
901 ## - ELEMENTOS DE DATOS A LOCAL LDA (RLIN)
a batch batch
Holdings
Estatus retirado Estado de pérdida Fuente del sistema de clasificación o colocación Estado de daño Restricciones de uso No para préstamo Colección Biblioteca de origen Biblioteca actual Ubicación en estantería Fecha de adquisición Total de préstamos Signatura topográfica completa Código de barras Visto por última vez Precio de reemplazo Tipo de ítem Koha Nota pública
    Clasificación Decimal Dewey   En sala   Publicaciones Periódicas MORA Biblioteca Instituto Mora Biblioteca Instituto Mora En sala 02/04/2024   (PM)/972.032 BIC.e.49 112048-10 03/09/2024 03/09/2024 Publicación periódica ANALITICA